| 000 | 00508nam a22001697a 4500 | ||
|---|---|---|---|
| 005 | 20251108174935.0 | ||
| 008 | 250721s2006 xx 000 0 ara d | ||
| 082 | 1 | 4 | _a634.6/دجو |
| 100 | 1 |
_aالدجوى، د.علي _eمؤلف |
|
| 245 | 1 | 0 | _aالجوافة : زراعة ..إنتاج.. فوائد / |
| 264 | 1 |
_aالقاهرة : _bمكتبة مدبولي، _c2006. |
|
| 300 | _a199ص. | ||
| 650 | 1 | 7 | _aالجوافة |
| 650 | 1 | 7 | _aالفواكه المدارية |
| 942 |
_2ddc _cBK |
||
| 999 |
_c122045 _d122045 |
||